UM Logo

An improved impedance modeling method of grid-tied inverters with white-box property / (Record no. 18971)

MARC details
000 -LEADER
fixed length control field 01072nam a22002537a 4500
003 - CONTROL NUMBER IDENTIFIER
control field OSt
005 - DATE AND TIME OF LATEST TRANSACTION
control field 20250911174615.0
008 - FIXED-LENGTH DATA ELEMENTS--GENERAL INFORMATION
fixed length control field 240207b ||||| |||| 00| 0 eng d
040 ## - CATALOGING SOURCE
Transcribing agency 0
082 ## - DEWEY DECIMAL CLASSIFICATION NUMBER
Classification number DPer 621.381 In821 April 2022 v. 37 n. 4
100 ## - MAIN ENTRY--PERSONAL NAME
Personal name Zeng, Zhijie.
Relator term author.
9 (RLIN) 51726
245 ## - TITLE STATEMENT
Title An improved impedance modeling method of grid-tied inverters with white-box property /
Statement of responsibility, etc. Zhijie Zeng, Huafeng Xiao, Chenhui Niu, Jie Chen, Ziyi Wang, Xu Wu, and Ming Cheng.
260 ## - PUBLICATION, DISTRIBUTION, ETC. (IMPRINT)
Place of publication, distribution, etc. New York ;
Name of publisher, distributor, etc. The Institute of Electrical and Electronics Engineers, Inc. ,
Date of publication, distribution, etc. April 2022.
300 ## - PHYSICAL DESCRIPTION
Extent Volume 37, pages 3980-3989 :
Other physical details illustration ;
Dimensions 28 cm.
500 ## - GENERAL NOTE
General note IEEE Transaction on Power Electronics, vol. 37, no. 4, pages 3980-3989, April 2022.
700 ## - ADDED ENTRY--PERSONAL NAME
Personal name Zeng, Zhijie.
Relator term author.
9 (RLIN) 51726
700 ## - ADDED ENTRY--PERSONAL NAME
Personal name Xiao, Huafeng.
Relator term author.
9 (RLIN) 51727
700 ## - ADDED ENTRY--PERSONAL NAME
Personal name Niu, Chenhui.
Relator term author.
9 (RLIN) 51728
700 ## - ADDED ENTRY--PERSONAL NAME
Personal name Chen, Jie.
Relator term author.
9 (RLIN) 51729
700 ## - ADDED ENTRY--PERSONAL NAME
Personal name Wang, Ziyi.
Relator term author.
9 (RLIN) 51730
700 ## - ADDED ENTRY--PERSONAL NAME
Personal name Wu, Xu.
Relator term author.
9 (RLIN) 51731
700 ## - ADDED ENTRY--PERSONAL NAME
Personal name Cheng, Ming.
Relator term author.
9 (RLIN) 51732
942 ## - ADDED ENTRY ELEMENTS (KOHA)
Source of classification or shelving scheme Dewey Decimal Classification
Koha item type Periodicals
Holdings
Withdrawn status Lost status Source of classification or shelving scheme Damaged status Not for loan Collection code Home library Current library Date acquired Total Checkouts Full call number Date last seen Price effective from Koha item type Public note
    Dewey Decimal Classification     Periodicals UM Digos College - LIC UM Digos College - LIC 02/07/2024   DPer 621.381 In821 April 2022 v. 37 n. 4 02/07/2024 02/07/2024 Periodicals Periodical Article